书目信息 |
| 题名: |
认知无线电技术
|
|
| 作者: | 西塔姆帕坦 , 乔尔盖蒂 著 ;孙光 , 胡振震 , 胡玉理 , 王兴 译 | |
| 分册: | ||
| 出版信息: | 北京 国防工业出版社 2019.11 |
|
| 页数: | 17, 264页 | |
| 开本: | 25cm | |
| 丛书名: | ||
| 单 册: | ||
| 中图分类: | TN014 | |
| 科图分类: | ||
| 主题词: | 无线电技术--wu xian dian ji shu--基本知识 | |
| 电子资源: | ||
| ISBN: | 978-7-118-11878-0 | |
| 000 | 01529nam0 2200337 450 | |
| 001 | 0109110201 | |
| 005 | 20201109110338.0 | |
| 010 | @a978-7-118-11878-0@b精装@dCNY146.00 | |
| 100 | @a20200713d2019 em y0chiy50 ea | |
| 101 | 1 | @achi@ceng@cita |
| 102 | @aCN@b110000 | |
| 105 | @aak az 000yy | |
| 106 | @ar | |
| 200 | 1 | @a认知无线电技术@Aren zhi wu xian dian ji shu@e频谱感知、干扰控制与定位@dCognitive radio techniques@especturm sensing, interference mitigation, and localization@f(澳)Kandeepan Sithamparanathan, (意)Andrea Giorgetti著@g孙光[等]译@zeng |
| 210 | @a北京@c国防工业出版社@d2019.11 | |
| 215 | @a17, 264页@c图@d25cm | |
| 300 | @a装备科技译著出版基金 | |
| 320 | @a有书目 | |
| 330 | @a认知无线电的学习能力是使它从概念走向实际应用的真正原因。有了足够的人工智能,它就可能通过吸取过去的经验来对实际的情况进行实时响应,过去的经验包括对死区、干扰和使用模式等的了解。 | |
| 510 | 1 | @aCognitive radio techniques@especturm sensing, interference mitigation, and localization@zeng |
| 517 | 1 | @a频谱感知、干扰控制与定位@Apin pu gan zhi、gan rao kong zhi yu ding wei |
| 606 | 0 | @a无线电技术@Awu xian dian ji shu@x基本知识 |
| 690 | @aTN014@v5 | |
| 701 | 1 | @c(澳)@a西塔姆帕坦@Axi ta mu pa tan@gSithamparanathan, Kandeepan@4著 |
| 701 | 1 | @c(意)@a乔尔盖蒂@Aqiao er gai di@gGiorgetti, Andrea@4著 |
| 702 | 0 | @a孙光@Asun guang@4译 |
| 702 | 0 | @a胡振震@Ahu zhen zhen@4译 |
| 702 | 0 | @a胡玉理@Ahu yu li@4译 |
| 702 | 0 | @a王兴@Awang xing@4译 |
| 801 | 0 | @aCN@bBJSZM@c20201103 |
| 905 | @b1240267-9@dTN014@e159@f3 | |
| 认知无线电技术:频谱感知、干扰控制与定位=Cognitive radio techniques:specturm sensing, interference mitigation, and localization/(澳)Kandeepan Sithamparanathan, (意)Andrea Giorgetti著/孙光[等]译.-北京:国防工业出版社,2019.11 |
| 17, 264页:图;25cm |
| 装备科技译著出版基金 |
| ISBN 978-7-118-11878-0(精装):CNY146.00 |
| 认知无线电的学习能力是使它从概念走向实际应用的真正原因。有了足够的人工智能,它就可能通过吸取过去的经验来对实际的情况进行实时响应,过去的经验包括对死区、干扰和使用模式等的了解。 |
| ● |
| 相关链接 |
|
|
|
|
正题名:认知无线电技术
索取号:TN014/159
 
预约/预借
| 序号 | 登录号 | 条形码 | 馆藏地/架位号 | 状态 | 备注 |
| 1 | 1240267 | 212402675 | 第二样本阅览室/ [索取号:TN014/159] | 在馆 | |
| 2 | 1240268 | 212402684 | 第三借阅区/ [索取号:TN014/159] | 在馆 | |
| 3 | 1240269 | 212402693 | 第三借阅区/ [索取号:TN014/159] | 在馆 |